Evaluation: an introduction to research design. / (Record no. 2344)

MARC details
000 -LEADER
fixed length control field 00698nam a22001697a 4500
008 - FIXED-LENGTH DATA ELEMENTS--GENERAL INFORMATION
fixed length control field 120918t xxu||||| |||| 00| 0 eng d
020 ## - INTERNATIONAL STANDARD BOOK NUMBER
International Standard Book Number 0818501065
050 ## - LIBRARY OF CONGRESS CALL NUMBER
Classification number H62.M68
100 ## - MAIN ENTRY--PERSONAL NAME
Personal name Moursund, Janet P.
245 ## - TITLE STATEMENT
Title Evaluation: an introduction to research design. /
Statement of responsibility, etc. Janet P. Moursund
260 ## - PUBLICATION, DISTRIBUTION, ETC.
Place of publication, distribution, etc. Belmont:
Name of publisher, distributor, etc. Brooks/Cole Publishing Company,
Date of publication, distribution, etc. c1973.
300 ## - PHYSICAL DESCRIPTION
Extent vi, 153 p.:
Other physical details ill.;
Dimensions 23cm.
500 ## - GENERAL NOTE
General note Includes index
505 ## - FORMATTED CONTENTS NOTE
Formatted contents note Contents: Getting started with evaluative research -- Choosing and gathering data -- Research design: making the right comparisons -- Research design: analyzing the data -- Directing a research project -- Appendix.
650 ## - SUBJECT ADDED ENTRY--TOPICAL TERM
Topical term following geographic name entry element Evaluation
942 ## - ADDED ENTRY ELEMENTS (KOHA)
Source of classification or shelving scheme Library of Congress Classification
Koha item type Books
Holdings
Withdrawn status Lost status Source of classification or shelving scheme Damaged status Not for loan Home library Current library Shelving location Date acquired Total Checkouts Full call number Barcode Date last seen Price effective from Koha item type
    Library of Congress Classification     WISCONSIN INTERNATIONAL UNIVERSITY COLLEGE, GHANA - MAIN LIBRARY WISCONSIN INTERNATIONAL UNIVERSITY COLLEGE, GHANA - MAIN LIBRARY Reference 18/09/2012   H62.M68 6358/12 18/09/2012 18/09/2012 Books

If you have any concerns or questions; kindly contact the library


© Powered by WIUC ICT DIRECTORATE